LEADER 01306nam a2200313 a 4500 001 000000125539 003 CaOOAMICUS 005 20110601104901.0 008 110601s2011 vc 000 b ita r 020 $a978-88-465-0740-2 040 $aPUL$bita 082 04$a230 100 1 $aCollu, Mario Fedele.$0(OLS)http://pul/name/79484 245 10$aVita cristiana e salvezza :$baspetti biblici /$cMario Fedele Collu. 260 $aCittą del Vaticano :$bLateran University Press,$c©2011. 300 $a155 p. ;$c24 cm. 490 1 $aProspettive ;$v06 504 $aBibliografia p. 143-151. 650 4$aSalvezza.$0(OLS)http://pul/subject/2067 650 4$aVita cristiana.$0(OLS)http://pul/subject/1596 830 0$aProspettive (Lateran University Press) ;$v06.$0(OLS)http://pul/title/138646 850 $aPUL 852 $aPUL$W1$xSL Religione 3$y85$m230 COLL 2.6$j144605$qDDC 21$B143626$CPULBib$Z2$F143626 $H117403 $82 941 1 $a9 996 $6020$a978-88-465-0740-2$9(OLS)http://pul/number/147377 996 $6082$a230$9(OLS)http://pul/classification/368 996 $6245$aVita cristiana e salvezza :$baspetti biblici$9(OLS)http://pul/title/158308 996 $6260$aCittą del Vaticano :$bLateran University Press$9(OLS)http://pul/publisher/74585 LEADER 01310nam a2200277 u 4500 001 000000113744 003 CaOOAMICUS 005 20081103134013.0 008 081103s2008 it u000 u ita r 020 $z978-88-343-1672-6* 040 $aPUL$bita$dLDB 100 1 $aBobbio, Andrea.$0(OLS)http://pul/name/70157 245 13$aIl bambino tra teoria ed educazione :$bvisioni, interpretazioni e problemi di pedagogia dell'infanzia /$cAndrea Bobbio. 250 $a2. ed. riv. e ampliata 260 $aMilano :$bVita e pensiero,$c2008. 300 $a287 p. ;$c21 cm 490 1 $aPedagogia e scienze dell'educazione.$aContributi 504 $aBibliografia : p. 274-287. 650 4$aPedagogia infantile.$0(OLS)http://pul/subject/29387 830 0$aPedagogia e scienze dell'educazione.$pContributi.$0(OLS)http://pul/title/142928 850 $aPUL 852 $aPUL$W1$xSL Diritto e Scienze Sociali 3$y79$m370 BOBAN 1$j129953$qDDC 21$B129019$CPULBib$Z2$F129019 $H108705 $82 941 1 $a9 996 $6020$z978-88-343-1672-6*$9(OLS)http://pul/number/139075 996 $6245$aIl bambino tra teoria ed educazione :$bvisioni, interpretazioni e problemi di pedagogia dell'infanzia$9(OLS)http://pul/title/142929 996 $6260$aMilano :$bVita e pensiero$9(OLS)http://pul/publisher/48016